| 000 | 03076nam0a2200385 4500 | ||
|---|---|---|---|
| 001 | RU\NLR\bibl\1347587 | ||
| 005 | 20260407200341.0 | ||
| 021 |
_aRU _b2009-3964 _9219 |
||
| 035 | _a(nilc)RSL-KNO-004239016 | ||
| 035 | _a(NLR Aleph) 001332703 | ||
| 090 |
_a810583 _c810583 |
||
| 100 | _a20090225d2007 |||y0rusy50 ca | ||
| 101 | 0 | _arus | |
| 102 | _aRU | ||
| 105 | _ay zzzz||||| | ||
| 200 | 1 |
_aОрганизация обучения на основе индивидуальных образовательных программ _eсборник статей _fАссоц. педагогов по созданию Коллективного способа обучения, Красноярский краевой ин-т повышения квалификации и проф. переподгот. работников образования, Лаб. методологии и новых образовательных технологий _g[сост.: Г.В. Клепец] |
|
| 210 |
_aКрасноярск _cАссоциация педагогов по созданию Коллективного способа обучения _d2007 |
||
| 215 |
_a66 с. _cил., табл. _d21 |
||
| 320 | _aБиблиогр. в подстроч. примеч. | ||
| 606 | 1 |
_aРазновозрастное обучение _jСборники _92264533 _3RU\NLR\auth\661357581 |
|
| 606 | 1 |
_aШколы _jСборники _xПреподавание _xЛичностный подход _92515256 _3RU\NLR\auth\661490817 |
|
| 610 | 0 | _aКультура. Наука. Просвещение -- Народное образование. Педагогические науки -- Общеобразовательная школа. Школьная педагогика -- Школьная педагогика -- Российская Федерация -- Дидактика -- Содержание образования -- Учебные планы и программы -- Сборник | |
| 610 | 0 | _aКультура. Наука. Просвещение -- Народное образование. Педагогические науки -- Общеобразовательная школа. Школьная педагогика -- Школьная педагогика -- Российская Федерация -- Дидактика -- Организационные формы обучения -- Факультативные занятия. Спецкурсы -- Сборник | |
| 686 |
_aЧ421,6(2)211я43 _2rubbk |
||
| 686 |
_aЧ421,6(2)263я43 _2rubbk |
||
| 686 | _aЧ421.204 | ||
| 702 | 1 |
_aКлепец _bГ. В. _4220 |
|
| 712 | 0 | 2 |
_4570 _a"Ассоциация педагогов по созданию Коллективного способа обучения", красноярская региональная общественная организация _3RU\NLR\AUTH\8810131170 _9759054 |
| 801 | 0 |
_aRU _bРКП _c20090225 _grcr |
|
| 801 | 1 |
_aRU _bРГБ _c20090225 |
|
| 801 | 2 |
_aRU _bNLR _c20090327 _grcr |
|
| 942 | _cBOOK | ||
| 980 | _aNB | ||
| 980 | _aNBR | ||